César du meilleur acteur - Statistiques

Statistiques générales
  • Ce quiz a été pris 1 318 fois
    731 depuis la dernière actualisation
  • Le résultat moyen est 24 sur 48
Statistiques - réponses
Année Film Réponse % Correct
2012 Intouchables Omar Sy
93%
1981 Le Dernier Métro Gérard Depardieu
91%
1991 Cyrano de Bergerac Gérard Depardieu
91%
2015 Yves Saint Laurent Pierre Niney
87%
2014 Les Garçons et Guillaume, à table ! Guillaume Gallienne
73%
1999 Le Dîner de cons Jacques Villeret
70%
1984 Tchao Pantin Coluche
68%
2009 L'Instinct de mort et L'Ennemi public n° 1 Vincent Cassel
67%
1987 Jean de Florette et Manon des sources Daniel Auteuil
66%
2000 La Fille sur le pont Daniel Auteuil
66%
2003 Le Pianiste Adrien Brody
65%
2007 Ne le dis à personne François Cluzet
64%
1989 Itinéraire d'un enfant gâté Jean-Paul Belmondo
64%
2010 Un prophète Tahar Rahim
64%
2022 De son vivant Benoît Magimel
60%
2023 Pacifiction : Tourment sur les Îles Benoît Magimel
60%
2017 Juste la fin du monde Gaspard Ulliel
56%
1979 La Cage aux folles Michel Serrault
56%
1982 Garde à vue Michel Serrault
56%
1996 Nelly et Monsieur Arnaud Michel Serrault
56%
2016 La Loi du marché Vincent Lindon
55%
1985 Notre histoire Alain Delon
53%
1976 Le Vieux Fusil Philippe Noiret
50%
1990 La Vie et rien d'autre Philippe Noiret
50%
2019 Guy Alex Lutz
45%
2013 Amour Jean-Louis Trintignant
44%
1986 Subway Christophe Lambert
42%
1978 Le Crabe-tambour Jean Rochefort
41%
2020 Roubaix, une lumière Roschdy Zem
41%
2011 Gainsbourg, vie héroïque Éric Elmosnino
38%
1992 Van Gogh Jacques Dutronc
38%
1977 Le Juge et l'Assassin Michel Galabru
38%
2018 Petit Paysan Swann Arlaud
38%
1998 On connaît la chanson André Dussollier
36%
1994 Smoking/No smoking Pierre Arditi
36%
2005 Rois et Reine Mathieu Amalric
33%
2008 Le Scaphandre et le Papillon Mathieu Amalric
33%
1995 Le Fils préféré Gérard Lanvin
31%
1993 Le Souper Claude Rich
30%
2002 Comment j'ai tué mon père Michel Bouquet
30%
2006 Le Promeneur du Champ-de-Mars Michel Bouquet
30%
2001 Harry, un ami qui vous veut du bien Sergi López
29%
1988 Le Grand Chemin Richard Bohringer
28%
2004 Monsieur Ibrahim et les Fleurs du Coran Omar Sharif
27%
1983 La Balance Philippe Léotard
24%
1997 Capitaine Conan Philippe Torreton
24%
1980 La Guerre des polices Claude Brasseur
23%
2021 Un Fils Sami Bouajila
18%
Aucun quiz correspondant
Distribution des résultats
% des personnes avec chaque résultat
Percentile par nombre de réponses
Votre historique - résultats
Vous n’avez pas pris ce quiz depuis la dernière actualisation